000 00267nam a2200109Ia 4500
008 220630s9999 xx 000 0 und d
020 _a978 1 84236 762 9
082 _aJ 551.6 OLIV
100 _aOLIVER, CLARE
_9105931
245 0 _a100 FACTS ON WEATHER
942 _cBK
_y561
_zJohn Tresidder
999 _c632056
_d632055